Hurricane Joe / (Record no. 21555)
[ view plain ]
| 000 -LEADER | |
|---|---|
| fixed length control field | 02932cam a22004695a 4500 |
| 005 - DATE AND TIME OF LATEST TRANSACTION | |
| control field | 20070904151509.0 |
| 008 - FIXED-LENGTH DATA ELEMENTS--GENERAL INFORMATION | |
| fixed length control field | 060331s2006 nyua c 000 1 eng d |
| 010 ## - LCCN (DPL NO) | |
| LC control number | B-345965-969 |
| 020 ## - INTERNATIONAL STANDARD BOOK NUMBER | |
| International Standard Book Number | 141691174X |
| Terms of availability | 129.00 |
| 020 ## - INTERNATIONAL STANDARD BOOK NUMBER | |
| International Standard Book Number | 9781416911746 |
| Terms of availability | 129.00 |
| 035 ## - SYSTEM CONTROL NUMBER | |
| System control number | B-345965-969 |
| 035 ## - SYSTEM CONTROL NUMBER | |
| System control number | B-357704 |
| 037 ## - SOURCE OF ACQUISITION | |
| Source of stock number/acquisition | Tarun |
| 040 ## - CATALOGING SOURCE | |
| Original cataloging agency | dpl |
| Language of cataloging | English |
| 082 ## - DEWEY DECIMAL CLASSIFICATION NUMBER | |
| Classification number | S |
| 100 ## - MAIN ENTRY--PERSONAL NAME | |
| Personal name | Dixon, Franklin W |
| 245 ## - TITLE STATEMENT | |
| Title | Hurricane Joe / |
| Statement of responsibility, etc | by Franklin W. Dixon |
| 260 ## - PUBLICATION, DISTRIBUTION, ETC. (IMPRINT) | |
| Place of publication, distribution, etc | New York |
| Name of publisher, distributor, etc | Aladdin Paperbacks |
| Date of publication, distribution, etc | 2006 |
| 270 ## - ADDRESS | |
| Address | 1230 Avenue of the Americas |
| City | New York |
| Postal code | NY 10020 |
| 300 ## - PHYSICAL DESCRIPTION | |
| Extent | 169p. |
| Other physical details | ill. |
| Dimensions | 20cm. (pbk) |
| 440 ## - SERIES STATEMENT/ADDED ENTRY--TITLE | |
| Title | Hardy boys undercover brothers ;11 |
| 520 ## - SUMMARY, ETC. | |
| Summary, etc | The mission is to investigate a string of false hurricane warnings--and subsequent burglaries--that are terrorizing the citizens of Bayport. Anyone who trusts storm warnings from seemingly reliable sources at the peak of Bayport's hurricane season - in ot |
| 520 ## - SUMMARY, ETC. | |
| Summary, etc | Frank and Joe investigate a string of false hurricane warnings. |
| 650 ## - SUBJECT ADDED ENTRY--TOPICAL TERM | |
| Topical term or geographic name as entry element | Hardy Boys (Fictitious characters) |
| Form subdivision | Juvenile fiction. |
| 650 ## - SUBJECT ADDED ENTRY--TOPICAL TERM | |
| Topical term or geographic name as entry element | Hurricanes |
| Form subdivision | Juvenile fiction. |
| 650 ## - SUBJECT ADDED ENTRY--TOPICAL TERM | |
| Topical term or geographic name as entry element | Hardy Boys (Fictitious characters) |
| Form subdivision | Fiction. |
| 650 ## - SUBJECT ADDED ENTRY--TOPICAL TERM | |
| Topical term or geographic name as entry element | Hurricanes |
| Form subdivision | Fiction. |
| 650 ## - SUBJECT ADDED ENTRY--TOPICAL TERM | |
| Topical term or geographic name as entry element | Mystery and detective stories. |
| 655 ## - INDEX TERM--GENRE/FORM | |
| Genre/form data or focus term | Mystery fiction. |
| Source of term | gsafd |
| 800 ## - SERIES ADDED ENTRY--PERSONAL NAME | |
| Personal name | Dixon, Franklin W. |
| Title of a work | Hardy boys undercover brothers ;11 |
| 856 ## - ELECTRONIC LOCATION AND ACCESS | |
| Materials specified | Publisher description |
| Uniform Resource Identifier | <a href="http://www.loc.gov/catdir/enhancements/fy0662/2006925023-d.html">http://www.loc.gov/catdir/enhancements/fy0662/2006925023-d.html</a> |
| 942 ## - ADDED ENTRY ELEMENTS (KOHA) | |
| Source of classification or shelving scheme | Dewey Decimal Classification |
| Item type | Children Books |
| Classification part | S |
| Call number suffix | DIX |
| Withdrawn status | Lost status | Source of classification or shelving scheme | Damaged status | Not for loan | Collection code | Home library | Current library | Date acquired | Source of acquisition | Cost, normal purchase price | Total Checkouts | Full call number | Barcode | Date last seen | Copy number | Cost, replacement price | Koha item type | Total Renewals |
|---|---|---|---|---|---|---|---|---|---|---|---|---|---|---|---|---|---|---|
| Dewey Decimal Classification | Fiction | Bawana | Bawana | 28/08/2009 | Tarun Books/3960/13.6.09/13/23.4.09/4.7.09 | 129.00 | 2 | S DIX | B-345969 | 02/04/2026 | 1` | 129.00 | Children Books | |||||
| Dewey Decimal Classification | Fiction | Central Library | Central Library | 28/08/2009 | Tarun Books/3960/13.6.09/13/23.4.09/4.7.09 | 129.00 | S DIX | B-345965 | 28/08/2009 | 1` | 129.00 | Children Books | ||||||
| Dewey Decimal Classification | Fiction | Janak Puri | Janak Puri | 15/09/2009 | Tarun Books/4121/9.9.09/89/2.9.09/11.9.09 | 129.00 | 26 | S DIX | B-357704 | 18/04/2015 | 1 | 129.00 | Children Books | |||||
| Written-off vide DLB M. No. 383 dt 16.05.19 | Dewey Decimal Classification | Fiction | Jor Bagh (Children Lib) | Jor Bagh (Children Lib) | 28/08/2009 | Tarun Books/3960/13.6.09/13/23.4.09/4.7.09 | 129.00 | S DIX | B-345967 | 28/08/2009 | 1` | 129.00 | Children Books | |||||
| Withdrawn | Dewey Decimal Classification | Fiction | Patel Nagar | Patel Nagar | 28/08/2009 | Tarun Books/3960/13.6.09/13/23.4.09/4.7.09 | 129.00 | S DIX | B-345966 | 28/08/2009 | 1` | 129.00 | Children Books | |||||
| Dewey Decimal Classification | Fiction | Vinoba Puri | Vinoba Puri | 28/08/2009 | Tarun Books/3960/13.6.09/13/23.4.09/4.7.09 | 129.00 | 5 | S DIX | B-345968 | 05/03/2012 | 1` | 129.00 | Children Books |
